Poeta enamorado

Na minha lista:
Detalhes bibliográficos
Autor principal: Buesa, José Angel
Formato: Livro
Idioma:Undetermined
Publicado em: Barcelona, España J.G. Pareja-Montaña 1974
Assuntos:
Tags: Adicionar Tag
Sem tags, seja o primeiro a adicionar uma tag!

MARC

LEADER 00000nam a2200000Ia 4500
008 170316s9999 xx 000 0 und d
040 |a cru BVZT 
090 |a 862 B-24p 
100 |a Buesa, José Angel 
245 |a Poeta enamorado 
260 |a Barcelona, España 
260 |b J.G. Pareja-Montaña 
260 |c 1974 
300 |a 83 páginas 
650 |a LITERATURA ESPAÑOLA 
650 |a POESÍA 
999 |c 9544  |d 9544 
942 |c 15 D  |h 862 B-24p  |2 z